[Event "GBR-ch110 Major Open"]
[Site "Hull"]
[Date "2024.07.28"]
[Round "2.47"]
[White "Pleimling, Luc"]
[Black "Stephenson, David W"]
[Result "0-1"]
[WhiteElo "1615"]
[BlackElo "1836"]
[PlyCount "64"]
[EventDate "2024.07.27"]
[EventType "swiss"]
[EventRounds "9"]
[EventCountry "GBR"]
[SourceTitle "BritBase"]
[Source "John Saunders"]
[SourceDate "2025.02.20"]
[SourceVersion "1"]
[SourceVersionDate "2025.02.20"]
[SourceQuality "1"]

1. d4 d5 2. Nf3 Nc6 3. g3 Bg4 4. Bg2 Nf6 5. O-O e6 6. Ne5 Nxe5 7. dxe5 Nd7 8. c4 c6 9. cxd5 exd5 10. h3 Bf5 11. Qb3 Qc8 12. g4 Bxb1 13. Rxb1 Nxe5 14. Qe3 Qe6 15. Qb3 Bd6 16. Qxb7 O-O 17. Qa6 Rfb8 18. f4 Bc5+ 19. Kh1 Rb6 20. Qa5 Bb4 21. Qa4 Nc4 22. Qc2 Re8 23. Bf3 Nd6 24. a3 Bc5 25. Qxc5 Ne4 26. Qg1 Rb3 27. Ra1 h5 28. Qh2 h4 29. f5 Qe7 30. Bxe4 Qxe4+ 31. Qg2 Rxh3+ 32. Kg1 Rg3 0-1

[Event "GBR-ch110 Major Open"]
[Site "Hull"]
[Date "2024.07.28"]
[Round "2.48"]
[White "Rubeck, Jonathan"]
[Black "Walia, Michael Kanishk"]
[Result "0-1"]
[WhiteElo "1833"]
[BlackElo "1682"]
[PlyCount "78"]
[EventDate "2024.07.27"]
[EventType "swiss"]
[EventRounds "9"]
[EventCountry "GBR"]
[SourceTitle "BritBase"]
[Source "John Saunders"]
[SourceDate "2025.02.20"]
[SourceVersion "1"]
[SourceVersionDate "2025.02.20"]
[SourceQuality "1"]

1. e4 e6 2. d4 d5 3. Bd3 c5 4. exd5 exd5 5. dxc5 Bxc5 6. Ne2 Ne7 7. Nbc3 O-O 8. O-O Nbc6 9. Nf4 Be6 10. Nxe6 fxe6 11. Qg4 e5 12. Bh6 Rf7 13. Rad1 Qd6 14. Bg5 Raf8 15. Be4 Rxf2 16. Rxf2 Rxf2 17. Kh1 g6 18. h4 Nd4 19. Bxe7 Qxe7 20. Nxd5 Qf7 21. Ne3 Kg7 22. Bd5 Qf6 23. Bxb7 Ne2 24. Rd7+ Be7 25. Bf3 h5 26. Qb4 Kf8 27. Qb8+ Kf7 28. Bxe2 Qxh4+ 29. Kg1 Rxe2 30. Rxe7+ Kxe7 31. Qxe5+ Kf7 32. Qd5+ Kg7 33. Qe5+ Kh7 34. Qc7+ Kh6 35. Nf5+ gxf5 36. Qd6+ Kg7 37. Qc7+ Re7 38. Qc3+ Kh7 39. g3 Qe4 0-1

[Event "GBR-ch110 Major Open"]
[Site "Hull"]
[Date "2024.07.28"]
[Round "2.49"]
[White "Kapitanski, Furion"]
[Black "Berkley, Stephen W"]
[Result "1/2-1/2"]
[WhiteElo "1581"]
[BlackElo "1830"]
[PlyCount "64"]
[EventDate "2024.07.27"]
[EventType "swiss"]
[EventRounds "9"]
[EventCountry "GBR"]
[SourceTitle "BritBase"]
[Source "John Saunders"]
[SourceDate "2025.02.20"]
[SourceVersion "1"]
[SourceVersionDate "2025.02.20"]
[SourceQuality "1"]

1. e4 e6 2. d4 d5 3. e5 c5 4. c3 Nc6 5. Nf3 Bd7 6. Bd3 Rc8 7. O-O cxd4 8. cxd4 Nb4 9. a3 Nxd3 10. Qxd3 Ne7 11. Nc3 a6 12. Bd2 Nf5 13. Rac1 Be7 14. Rfe1 h5 15. h3 Nh4 16. Nxh4 Bxh4 17. Bf4 g5 18. Bg3 g4 19. Bxh4 Qxh4 20. Qg3 Qxg3 21. fxg3 Rc4 22. Red1 h4 23. b3 Rc8 24. hxg4 Rg8 25. gxh4 Rxg4 26. Kf2 Rxh4 27. Ne2 Rxc1 28. Rxc1 Bc6 29. a4 Kd7 30. Rc3 b5 31. a5 b4 32. Rc2 Bb5 1/2-1/2

[Event "GBR-ch110 Major Open"]
[Site "Hull"]
[Date "2024.07.28"]
[Round "2.50"]
[White "Howorth, Jack"]
[Black "Buffard, Julien"]
[Result "0-1"]
[WhiteElo "1830"]
[BlackElo "1665"]
[PlyCount "90"]
[EventDate "2024.07.27"]
[EventType "swiss"]
[EventRounds "9"]
[EventCountry "GBR"]
[SourceTitle "BritBase"]
[Source "John Saunders"]
[SourceDate "2025.02.20"]
[SourceVersion "1"]
[SourceVersionDate "2025.02.20"]
[SourceQuality "1"]

1. e4 c5 2. Nf3 e6 3. d4 cxd4 4. Nxd4 Nc6 5. Be2 Qc7 6. O-O Nf6 7. Nc3 Nxd4 8. Qxd4 Bc5 9. Qd3 O-O 10. Be3 a6 11. Kh1 b5 12. f4 Bb7 13. Bf3 Bxe3 14. Qxe3 b4 15. Na4 Rac8 16. c3 Qa5 17. Nb6 Rc5 18. e5 Ng4 19. Bxg4 Qxb6 20. f5 exf5 21. Bxf5 bxc3 22. bxc3 Qb2 23. Qh3 g6 24. Rab1 Qe2 25. Bd3 Bxg2+ 26. Qxg2 Qxd3 27. Qf2 Qe4+ 28. Qf3 Rxe5 29. Rb7 d5 30. Ra7 Rf5 31. Qxe4 Rxf1+ 32. Kg2 dxe4 33. Kxf1 Rc8 34. Rxa6 Rxc3 35. a4 Kg7 36. a5 Rc2 37. h4 Ra2 38. Ra8 e3 39. a6 h6 40. a7 g5 41. hxg5 hxg5 42. Ke1 f5 43. Re8 Rxa7 44. Rxe3 Ra2 45. Rb3 Kg6 0-1

[Event "GBR-ch110 Major Open"]
[Site "Hull"]
[Date "2024.07.28"]
[Round "2.51"]
[White "May, Paul"]
[Black "Hu, Junyan"]
[Result "1-0"]
[WhiteElo "1827"]
[BlackElo "1617"]
[PlyCount "117"]
[EventDate "2024.07.27"]
[EventType "swiss"]
[EventRounds "9"]
[EventCountry "GBR"]
[SourceTitle "BritBase"]
[Source "John Saunders"]
[SourceDate "2025.02.20"]
[SourceVersion "1"]
[SourceVersionDate "2025.02.20"]
[SourceQuality "1"]

1. d4 Nf6 2. c4 e6 3. Nc3 Bb4 4. f3 c5 5. a3 Bxc3+ 6. bxc3 Nc6 7. e4 d6 8. Ne2 O-O 9. Bg5 e5 10. d5 Na5 11. Nc1 h6 12. Bh4 g6 13. Nb3 Nxb3 14. Qxb3 Kg7 15. g4 Qc7 16. Bd3 Bd7 17. Bg3 Rac8 18. Rb1 b5 19. Qc2 bxc4 20. Bxc4 Rb8 21. O-O g5 22. Qd2 Nh7 23. h4 f6 24. h5 Rfe8 25. Qc2 Rf8 26. Rfc1 Rfe8 27. Be1 Rf8 28. a4 Qa5 29. Bb3 c4 30. Ba2 Bxa4 31. Qe2 Rfc8 32. Rxb8 Rxb8 33. Bxc4 Rc8 34. Kg2 Rb8 35. Ra1 Rc8 36. Qa2 Qc5 37. Qxa4 Qxc4 38. Qxc4 Rxc4 39. Rxa7+ Kg8 40. Rd7 Ra4 41. Rxd6 Ra2+ 42. Bf2 Rc2 43. Rc6 Nf8 44. Rc7 Rd2 45. c4 Rc2 46. c5 Rd2 47. Kg3 Rc2 48. c6 Rc3 49. Re7 Rc2 50. c7 Rc4 51. Bb6 Rc3 52. Re8 Rxc7 53. Bxc7 Kf7 54. Rd8 Ke7 55. d6+ Kf7 56. Rxf8+ Kxf8 57. d7 Ke7 58. d8=Q+ Ke6 59. Qe8# 1-0

[Event "GBR-ch110 Major Open"]
[Site "Hull"]
[Date "2024.07.28"]
[Round "2.52"]
[White "Mize, Dylan"]
[Black "Guarnieri, Federico"]
[Result "0-1"]
[WhiteElo "1824"]
[BlackElo "1572"]
[PlyCount "124"]
[EventDate "2024.07.27"]
[EventType "swiss"]
[EventRounds "9"]
[EventCountry "GBR"]
[SourceTitle "BritBase"]
[Source "John Saunders"]
[SourceDate "2025.02.20"]
[SourceVersion "1"]
[SourceVersionDate "2025.02.20"]
[SourceQuality "1"]

1. Nf3 Nf6 2. g3 d5 3. Bg2 c6 4. O-O Bg4 5. h3 Bh5 6. c4 e6 7. Qb3 Qb6 8. d3 Bd6 9. Be3 Qxb3 10. axb3 a6 11. Bd2 O-O 12. Bc3 Nbd7 13. g4 Bg6 14. Nh4 e5 15. Nxg6 fxg6 16. g5 Nh5 17. cxd5 Nf4 18. dxc6 Nxe2+ 19. Kh1 bxc6 20. Bxc6 Rad8 21. Bd5+ Kh8 22. Nd2 Nc5 23. Bc4 Nf4 24. b4 Ncxd3 25. Ne4 Bxb4 26. Rxa6 Bxc3 27. bxc3 Nxh3 28. Nd6 Nc5 29. Rc6 Nxg5 30. Ra1 Nce4 31. Nxe4 Nxe4 32. Be6 h5 33. Rc7 Rxf2 34. Rf7 Rxf7 35. Bxf7 Kh7 36. c4 Rc8 37. Ra6 Nf6 38. Ra5 e4 39. Kg2 Rc7 40. Be6 Rc6 41. Bf7 Nd7 42. Kg3 e3 43. Bd5 Rc8 44. Kf3 Ne5+ 45. Kxe3 Nxc4+ 46. Bxc4 Rxc4 47. Kf3 Rg4 48. Ra7 g5 49. Ra8 Rb4 50. Ra6 Rb3+ 51. Ke4 h4 52. Kf5 Rg3 53. Ra2 h3 54. Rh2 g4 55. Kg5 Rg2 56. Rh1 h2 57. Re1 Rg1 58. Re7 h1=Q 59. Rxg7+ Kxg7 60. Kf5 Qf3+ 61. Kg5 Qf6+ 62. Kh5 Rh1+ 0-1

[Event "GBR-ch110 Major Open"]
[Site "Hull"]
[Date "2024.07.28"]
[Round "2.53"]
[White "Ewart, Thomas"]
[Black "Waterfield, Mark B"]
[Result "1-0"]
[WhiteElo "1550"]
[BlackElo "1815"]
[PlyCount "67"]
[EventDate "2024.07.27"]
[EventType "swiss"]
[EventRounds "9"]
[EventCountry "GBR"]
[SourceTitle "BritBase"]
[Source "John Saunders"]
[SourceDate "2025.02.20"]
[SourceVersion "1"]
[SourceVersionDate "2025.02.20"]
[SourceQuality "1"]

1. e4 e6 2. d4 d5 3. exd5 exd5 4. Bd3 Nc6 5. c3 Bd6 6. Nf3 Nge7 7. O-O Bg4 8. Re1 Qd7 9. Nbd2 O-O-O 10. b4 Rde8 11. a4 Bf5 12. Be2 f6 13. Qb3 g5 14. b5 Na5 15. Qb2 h5 16. Nb3 Nc4 17. Bxc4 dxc4 18. Nc5 Qd8 19. a5 h4 20. Nd2 Nd5 21. Rxe8 Rxe8 22. Nf1 Nf4 23. Bxf4 Bxf4 24. Qa2 Bd3 25. Nxd3 cxd3 26. Rd1 d2 27. Nxd2 Re2 28. g3 hxg3 29. hxg3 Bxg3 30. Qc4 Bxf2+ 31. Kf1 Rxd2 32. Rxd2 Be3 33. Qe6+ Qd7 34. Qxe3 1-0

[Event "GBR-ch110 Major Open"]
[Site "Hull"]
[Date "2024.07.28"]
[Round "2.55"]
[White "Swiatkowski, Dominik"]
[Black "McBeath, Joel"]
[Result "1/2-1/2"]
[WhiteElo "1523"]
[BlackElo "1806"]
[PlyCount "96"]
[EventDate "2024.07.27"]
[EventType "swiss"]
[EventRounds "9"]
[EventCountry "GBR"]
[SourceTitle "BritBase"]
[Source "John Saunders"]
[SourceDate "2025.02.20"]
[SourceVersion "1"]
[SourceVersionDate "2025.02.20"]
[SourceQuality "1"]

1. e4 e5 2. Nf3 Nc6 3. Bb5 a6 4. Ba4 Nf6 5. O-O Be7 6. Re1 b5 7. Bb3 d6 8. c3 O-O 9. h3 Na5 10. Bc2 c5 11. d4 Qc7 12. Nbd2 cxd4 13. cxd4 Nc6 14. Nb3 a5 15. Be3 a4 16. Nbd2 Bd7 17. a3 Rfe8 18. Rc1 Qb7 19. Nf1 Bd8 20. Ng3 Na5 21. dxe5 dxe5 22. Qe2 Nc4 23. Bd3 Nxe3 24. Qxe3 b4 25. axb4 Qxb4 26. Qe2 Rb8 27. Rc2 h6 28. Rec1 Bb6 29. Qd2 Ba5 30. Qxb4 Bxb4 31. Nd2 Nh7 32. Nc4 Nf8 33. Ne2 Ng6 34. Ne3 Be6 35. Bc4 Bxc4 36. Rxc4 Bd2 37. R1c2 Bxe3 38. fxe3 Ra8 39. Nc3 a3 40. bxa3 Rxa3 41. Nd5 Ne7 42. Nxe7+ Rxe7 43. Kf2 Rb7 44. Rc8+ Kh7 45. R8c7 Rbb3 46. Rxf7 Rxe3 47. Rcc7 Rg3 48. Ra7 Rab3 1/2-1/2

[Event "GBR-ch110 Major Open"]
[Site "Hull"]
[Date "2024.07.28"]
[Round "2.56"]
[White "Rich, Aaron"]
[Black "Qin, Oscar"]
[Result "1-0"]
[WhiteElo "1799"]
[BlackElo "1351"]
[PlyCount "141"]
[EventDate "2024.07.27"]
[EventType "swiss"]
[EventRounds "9"]
[EventCountry "GBR"]
[SourceTitle "BritBase"]
[Source "John Saunders"]
[SourceDate "2025.02.20"]
[SourceVersion "1"]
[SourceVersionDate "2025.02.20"]
[SourceQuality "1"]

1. b3 e5 2. Bb2 Nc6 3. e3 d5 4. Bb5 Bd6 5. Ne2 a6 6. Bxc6+ bxc6 7. O-O Nf6 8. f4 e4 9. Nbc3 Bd7 10. Qe1 Qe7 11. a4 O-O 12. Ng3 c5 13. Nce2 c6 14. Rb1 Ng4 15. h3 Nf6 16. Kh2 Rab8 17. Rg1 Ng4+ 18. Kh1 Qh4 19. Rf1 Nh6 20. Ng1 Rfe8 21. N3e2 Qxe1 22. Rfxe1 f5 23. Ng3 g6 24. N1e2 c4 25. bxc4 dxc4 26. a5 Rb7 27. Bd4 Reb8 28. Rxb7 Rxb7 29. Bb6 c5 30. Nc3 Bc6 31. Kg1 Kf7 32. Ra1 Ke6 33. Nge2 Kf7 34. Na4 Ke8 35. Nec3 Nf7 36. Nb2 Kd7 37. Nxc4 Bc7 38. Bxc5 Bd6 39. Nb6+ Kc7 40. Bxd6+ Nxd6 41. Nca4 Bxa4 42. Rxa4 Kb8 43. Rd4 Nb5 44. Rd8+ Kc7 45. Rc8+ Kd6 46. c4 Nc7 47. Rh8 Ne6 48. Kf2 Nc5 49. Ke2 Nb3 50. Rd8+ Ke6 51. Ra8 Nxa5 52. Rxa6 Nc6 53. Na4 Kd6 54. Rb6 Rxb6 55. Nxb6 Nb4 56. Nd5 Nxd5 57. cxd5 Kxd5 58. d3 exd3+ 59. Kxd3 h6 60. h4 h5 61. g3 Ke6 62. Kc4 Ke7 63. Kc5 Kf7 64. Kd5 Kf6 65. Kd6 Kg7 66. Kd7 Kf6 67. Ke8 Kg7 68. Ke7 Kh6 69. Kf6 Kh7 70. Kf7 Kh6 71. Kg8 1-0

[Event "GBR-ch110 Major Open"]
[Site "Hull"]
[Date "2024.07.28"]
[Round "2.57"]
[White "Whittington, Reece W"]
[Black "Sobolevski, Damien"]
[Result "1-0"]
[WhiteElo "1793"]
[BlackElo "1041"]
[PlyCount "67"]
[EventDate "2024.07.27"]
[EventType "swiss"]
[EventRounds "9"]
[EventCountry "GBR"]
[SourceTitle "BritBase"]
[Source "John Saunders"]
[SourceDate "2025.02.20"]
[SourceVersion "1"]
[SourceVersionDate "2025.02.20"]
[SourceQuality "1"]

1. d4 Nf6 2. c4 e6 3. Nf3 d5 4. g3 c5 5. Bg2 Nc6 6. cxd5 Nxd5 7. O-O Be7 8. Nc3 Nxc3 9. bxc3 cxd4 10. cxd4 O-O 11. e3 b6 12. Ne5 Nxe5 13. Bxa8 Ng6 14. Bg2 Ba6 15. Re1 e5 16. Qa4 Qc8 17. Ba3 Bxa3 18. Qxa3 exd4 19. exd4 Rd8 20. Rac1 Bc4 21. Qxa7 Rxd4 22. Qxb6 Qd7 23. a4 Be6 24. a5 Rd6 25. Qb7 Qa4 26. Qb8+ Nf8 27. Qxd6 Qxa5 28. Ra1 Qb5 29. Ra8 h6 30. Qxf8+ Kh7 31. Be4+ f5 32. Qh8+ Kg6 33. Qe8+ Kf6 34. Qxb5 1-0

[Event "GBR-ch110 Major Open"]
[Site "Hull"]
[Date "2024.07.28"]
[Round "2.58"]
[White "Kulibaev, Richard"]
[Black "Watkinson, Colin"]
[Result "0-1"]
[WhiteElo "1213"]
[BlackElo "1791"]
[PlyCount "110"]
[EventDate "2024.07.27"]
[EventType "swiss"]
[EventRounds "9"]
[EventCountry "GBR"]
[SourceTitle "BritBase"]
[Source "John Saunders"]
[SourceDate "2025.02.20"]
[SourceVersion "1"]
[SourceVersionDate "2025.02.20"]
[SourceQuality "1"]

1. e4 d5 2. exd5 Qxd5 3. Nc3 Qa5 4. Nf3 c6 5. Bc4 Bg4 6. h3 Bh5 7. O-O e6 8. Ne4 Qf5 9. d3 Bxf3 10. g4 Qxe4 11. dxe4 Bxd1 12. Rxd1 Be7 13. Bf4 Nf6 14. Rd3 Nxe4 15. Rad1 O-O 16. Rd4 Nxf2 17. Kxf2 Bc5 18. Be5 Nd7 19. Bd6 Bxd4+ 20. Rxd4 Rfe8 21. g5 b5 22. Bd3 Nb6 23. Rh4 g6 24. Be4 Nd5 25. b3 Rac8 26. Bc5 a5 27. Rh6 Ne7 28. Bxe7 Rxe7 29. h4 f5 30. gxf6 Rf7 31. Kg3 Rxf6 32. h5 Kg7 33. Rxh7+ Kxh7 34. hxg6+ Rxg6+ 35. Kf4 Kg7 36. Bxg6 Kxg6 37. Ke5 Kf7 38. c3 Rd8 39. Ke4 Kf6 40. c4 bxc4 41. bxc4 c5 42. Ke3 Rd4 43. a3 Ke5 44. Ke2 Ke4 45. a4 Rxc4 46. Kd2 Rxa4 47. Kc3 Rb4 48. Kd2 a4 49. Kc3 a3 50. Kd2 a2 51. Kc1 a1=Q+ 52. Kc2 Qa2+ 53. Kc3 Qa3+ 54. Kd2 Rb2+ 55. Ke1 Qa1# 0-1

[Event "GBR-ch110 Major Open"]
[Site "Hull"]
[Date "2024.07.29"]
[Round "3.1"]
[White "Price, Gwilym T"]
[Black "Yu, Rock"]
[Result "1-0"]
[WhiteElo "2217"]
[BlackElo "2001"]
[PlyCount "51"]
[EventDate "2024.07.27"]
[EventType "swiss"]
[EventRounds "9"]
[EventCountry "GBR"]
[SourceTitle "BritBase"]
[Source "John Saunders"]
[SourceDate "2025.02.20"]
[SourceVersion "1"]
[SourceVersionDate "2025.02.20"]
[SourceQuality "1"]

1. e4 Nf6 2. Nc3 d5 3. e5 Nfd7 4. e6 fxe6 5. d4 c5 6. dxc5 Nc6 7. Nf3 Nxc5 8. Bb5 Qd6 9. O-O Bd7 10. Re1 Ne4 11. Nxe4 dxe4 12. Ng5 Ne5 13. Qe2 Qd5 14. Bxd7+ Nxd7 15. Qxe4 Qxe4 16. Rxe4 Rc8 17. c3 Nc5 18. Re2 Rc6 19. Be3 e5 20. Bxc5 Rxc5 21. Rd1 g6 22. Red2 Rc8 23. Rd7 Rb8 24. Ne6 h6 25. b3 a6 26. c4 1-0

[Event "GBR-ch110 Major Open"]
[Site "Hull"]
[Date "2024.07.29"]
[Round "3.2"]
[White "Ther, Mate"]
[Black "Fava, Lorenzo"]
[Result "1/2-1/2"]
[WhiteElo "2001"]
[BlackElo "2161"]
[PlyCount "79"]
[EventDate "2024.07.27"]
[EventType "swiss"]
[EventRounds "9"]
[EventCountry "GBR"]
[SourceTitle "BritBase"]
[Source "John Saunders"]
[SourceDate "2025.02.20"]
[SourceVersion "1"]
[SourceVersionDate "2025.02.20"]
[SourceQuality "1"]

1. e4 c6 2. d4 d5 3. exd5 cxd5 4. Bd3 Nc6 5. c3 g6 6. Bf4 Bg7 7. Nf3 Nh6 8. Qd2 Nf5 9. Na3 f6 10. Nb5 e5 11. dxe5 fxe5 12. Bg5 Nfe7 13. Nh4 Be6 14. O-O a6 15. Na3 O-O 16. Rad1 b5 17. Qe3 Qc7 18. Bb1 Na5 19. Qg3 Rab8 20. Nc2 Nc4 21. Nb4 Qb7 22. Bxe7 Qxe7 23. Nxd5 Qf7 24. Nb4 Nxb2 25. Rd6 a5 26. Nc6 Nc4 27. Rxe6 Qxe6 28. Nxb8 Rxb8 29. Rd1 Qe7 30. Nf3 Rd8 31. Re1 Bf6 32. h3 a4 33. h4 Kh8 34. h5 gxh5 35. Qh3 Qf7 36. Qf5 Rg8 37. Rd1 Qg6 38. Qxg6 hxg6 39. Rd5 Na3 40. Bd3 1/2-1/2

[Event "GBR-ch110 Major Open"]
[Site "Hull"]
[Date "2024.07.29"]
[Round "3.3"]
[White "Bharat Kumar, Balahari"]
[Black "Jaunooby, Ali Reza"]
[Result "1-0"]
[WhiteElo "1989"]
[BlackElo "2145"]
[PlyCount "93"]
[EventDate "2024.07.27"]
[EventType "swiss"]
[EventRounds "9"]
[EventCountry "GBR"]
[SourceTitle "BritBase"]
[Source "John Saunders"]
[SourceDate "2025.02.20"]
[SourceVersion "1"]
[SourceVersionDate "2025.02.20"]
[SourceQuality "1"]

1. c4 e5 2. Nc3 Nc6 3. Nf3 g6 4. g3 Bg7 5. Bg2 d6 6. d3 Nge7 7. O-O O-O 8. Rb1 f5 9. Qc2 h6 10. b4 a6 11. a4 a5 12. b5 Nb4 13. Qb3 Be6 14. Ba3 c5 15. bxc6 bxc6 16. Bxb4 Rb8 17. Qa3 axb4 18. Rxb4 Qc7 19. Rfb1 Kf7 20. Nd2 Rxb4 21. Qxb4 Rc8 22. e4 Rd8 23. Qb6 Qxb6 24. Rxb6 f4 25. Nb3 Ra8 26. a5 Bc8 27. gxf4 exf4 28. Na4 Bg4 29. f3 Be6 30. Rb7 Bc8 31. Rb6 Be6 32. Kf1 Ke8 33. Rb7 Bc8 34. Rb6 Kd8 35. d4 Ba6 36. Nb2 Kc7 37. Bh3 d5 38. Nc5 Bc8 39. Bxc8 Kxc8 40. Ne6 Bh8 41. a6 Kd7 42. cxd5 cxd5 43. e5 Nf5 44. Nd3 Ke7 45. Ndc5 Kf7 46. Rb7+ Ne7 47. a7 1-0

[Event "GBR-ch110 Major Open"]
[Site "Hull"]
[Date "2024.07.29"]
[Round "3.4"]
[White "Kovalskyi, Roman"]
[Black "Yoon, Jacob D"]
[Result "0-1"]
[WhiteElo "1989"]
[BlackElo "2118"]
[PlyCount "72"]
[EventDate "2024.07.27"]
[EventType "swiss"]
[EventRounds "9"]
[EventCountry "GBR"]
[SourceTitle "BritBase"]
[Source "John Saunders"]
[SourceDate "2025.02.20"]
[SourceVersion "1"]
[SourceVersionDate "2025.02.20"]
[SourceQuality "1"]

1. e4 e6 2. d4 d5 3. e5 c5 4. c3 Nc6 5. Nf3 Qb6 6. Bd3 cxd4 7. O-O Bd7 8. Re1 Nge7 9. h4 Nf5 10. Bxf5 exf5 11. cxd4 h6 12. Nc3 Be6 13. Qd3 Be7 14. Be3 O-O-O 15. Rec1 Rdg8 16. b4 Kb8 17. Na4 Qd8 18. Bd2 g5 19. Rab1 Ka8 20. b5 Nb8 21. b6 a6 22. hxg5 hxg5 23. Rc7 f4 24. Ne1 Rh6 25. Nc5 Rgh8 26. Kf1 Bxc5 27. dxc5 Rh1+ 28. Ke2 Bd7 29. Kd1 Nc6 30. Qe2 Re8 31. Bc3 d4 32. Bd2 Rxe5 33. Qc4 Qe7 34. Kc2 Rxc5 35. Kb3 Rxc4 36. Kxc4 Qe6+ 0-1

[Event "GBR-ch110 Major Open"]
[Site "Hull"]
[Date "2024.07.29"]
[Round "3.5"]
[White "Pert, Nina P"]
[Black "Stoica, Savas Marin"]
[Result "1/2-1/2"]
[WhiteElo "1966"]
[BlackElo "2107"]
[PlyCount "47"]
[EventDate "2024.07.27"]
[EventType "swiss"]
[EventRounds "9"]
[EventCountry "GBR"]
[SourceTitle "BritBase"]
[Source "John Saunders"]
[SourceDate "2025.02.20"]
[SourceVersion "1"]
[SourceVersionDate "2025.02.20"]
[SourceQuality "1"]

1. d4 d5 2. Nf3 Nf6 3. Bf4 Nh5 4. Bg3 g6 5. e3 Bg7 6. c4 dxc4 7. Bxc4 O-O 8. Be5 Nf6 9. h3 c5 10. Nc3 Nc6 11. Bh2 cxd4 12. exd4 e6 13. O-O a6 14. a4 Nb4 15. Qd2 b6 16. Rfd1 Bb7 17. Qe2 Nbd5 18. Ne5 Qe7 19. Bd3 Bh6 20. Nxd5 Nxd5 21. Be4 Bf4 22. a5 Bxh2+ 23. Kxh2 Rfb8 24. axb6 1/2-1/2

[Event "GBR-ch110 Major Open"]
[Site "Hull"]
[Date "2024.07.29"]
[Round "3.6"]
[White "Kumar, Sanjit S"]
[Black "Liu, Jack"]
[Result "1/2-1/2"]
[WhiteElo "1942"]
[BlackElo "2098"]
[PlyCount "68"]
[EventDate "2024.07.27"]
[EventType "swiss"]
[EventRounds "9"]
[EventCountry "GBR"]
[SourceTitle "BritBase"]
[Source "John Saunders"]
[SourceDate "2025.02.20"]
[SourceVersion "1"]
[SourceVersionDate "2025.02.20"]
[SourceQuality "1"]

1. d4 Nf6 2. c4 g6 3. Nc3 d5 4. Nf3 Bg7 5. Qb3 dxc4 6. Qxc4 O-O 7. e4 Nc6 8. Be2 e5 9. d5 Nd4 10. Nxd4 exd4 11. Qxd4 c6 12. Qc4 b5 13. Qxc6 Bd7 14. Qd6 Re8 15. Bf3 Nxe4 16. Nxe4 Bf5 17. Qxd8 Raxd8 18. O-O Bxe4 19. Bxe4 Rxe4 20. Be3 Rxd5 21. Rac1 Bxb2 22. Rc2 Bf6 23. Bxa7 Kg7 24. g3 Ra4 25. Be3 h5 26. h4 Rg4 27. Kh2 Ra4 28. Rb1 b4 29. Kg2 Bc3 30. Rb3 Rda5 31. Bd2 Bxd2 32. Rxd2 Rxa2 33. Rxa2 Rxa2 34. Rxb4 Rc2 1/2-1/2

[Event "GBR-ch110 Major Open"]
[Site "Hull"]
[Date "2024.07.29"]
[Round "3.7"]
[White "Chan, Sheng Liang Bernard"]
[Black "Dishman, Matthew"]
[Result "0-1"]
[WhiteElo "2096"]
[BlackElo "1936"]
[PlyCount "174"]
[EventDate "2024.07.27"]
[EventType "swiss"]
[EventRounds "9"]
[EventCountry "GBR"]
[SourceTitle "BritBase"]
[Source "John Saunders"]
[SourceDate "2025.02.20"]
[SourceVersion "1"]
[SourceVersionDate "2025.02.20"]
[SourceQuality "1"]

1. d4 d5 2. c4 e6 3. Nf3 c6 4. e3 f5 5. Bd3 Nf6 6. O-O Bd6 7. b3 Qe7 8. a4 a5 9. Ba3 O-O 10. Qe1 Nbd7 11. cxd5 Nxd5 12. Bxd6 Qxd6 13. Na3 Nb4 14. Nc4 Qc7 15. Nce5 Nf6 16. Rc1 Bd7 17. Bc4 Qd6 18. Qe2 Be8 19. Ng5 Nbd5 20. Rfe1 h6 21. Nh3 Bh5 22. f3 Nb6 23. Nf4 Nbd5 24. Nfd3 Rac8 25. Qd2 b6 26. e4 fxe4 27. fxe4 Nc7 28. Nf4 Rfd8 29. Nxh5 Nxh5 30. Qf2 Rf8 31. Nf3 Nf4 32. Bf1 g5 33. Qg3 Rcd8 34. Red1 Ne8 35. e5 Qb4 36. Bc4 b5 37. axb5 cxb5 38. Bf1 Ng7 39. Qe1 Qxe1 40. Nxe1 Nf5 41. g3 Nd5 42. Ng2 b4 43. Bc4 Kf7 44. Ra1 Nde3 45. Nxe3 Nxe3 46. Rd3 Nxc4 47. bxc4 Ra8 48. Ra4 Rfc8 49. c5 Ke7 50. Rd1 Ra6 51. Rda1 Rca8 52. Kf2 Kd7 53. Ke3 Kc6 54. Kd3 Kb5 55. R4a2 a4 56. Rf2 a3 57. Rf7 R6a7 58. Rf6 Re8 59. Rf2 b3 60. Kc3 Ka4 61. d5 exd5 62. Rd2 Rxe5 63. Rd4+ Kb5 64. Kxb3 Kxc5 65. Rd2 Re3+ 66. Ka2 d4 67. Rc1+ Kd5 68. Rcd1 Ra4 69. Rf1 Kc4 70. h4 Kc3 71. Rdd1 Re2+ 72. Ka1 d3 73. hxg5 hxg5 74. Rf3 Rd4 75. g4 Kc2 76. Rff1 Rxg4 77. Ka2 Ra4 78. Rc1+ Kd2 79. Rg1 g4 80. Rcd1+ Kc3+ 81. Ka1 d2 82. Ka2 Re1 83. Rdxe1 dxe1=Q 84. Rxe1 Kd2 85. Re8 Kd3 86. Re7 Re4 87. Rg7 Ke2 0-1

[Event "GBR-ch110 Major Open"]
[Site "Hull"]
[Date "2024.07.29"]
[Round "3.8"]
[White "Cancedda-Dupuis, Livio"]
[Black "Wills, Thomas"]
[Result "0-1"]
[WhiteElo "2041"]
[BlackElo "1927"]
[PlyCount "140"]
[EventDate "2024.07.27"]
[EventType "swiss"]
[EventRounds "9"]
[EventCountry "GBR"]
[SourceTitle "BritBase"]
[Source "John Saunders"]
[SourceDate "2025.02.20"]
[SourceVersion "1"]
[SourceVersionDate "2025.02.20"]
[SourceQuality "1"]

1. e4 c5 2. Nf3 d6 3. d4 cxd4 4. Nxd4 Nf6 5. Nc3 Nc6 6. Bc4 Qb6 7. Nxc6 bxc6 8. O-O g6 9. Rb1 Bg7 10. Be3 Qc7 11. h3 O-O 12. f4 a5 13. Qf3 Nd7 14. g4 a4 15. Ne2 c5 16. Ng3 Nb6 17. Be2 Bb7 18. Qf2 Nd7 19. c4 Nb8 20. Bf3 Nc6 21. Ne2 Ba6 22. b3 axb3 23. axb3 Bb7 24. Rfd1 Ra2 25. Rd2 Rfa8 26. Rbd1 R8a3 27. Nc1 Rxd2 28. Rxd2 Nd4 29. Rxd4 cxd4 30. Bxd4 Bxd4 31. Qxd4 Qc5 32. Qxc5 dxc5 33. Kf2 Kf8 34. Ke3 Ke8 35. Be2 Kd7 36. Bd3 Kc6 37. Bc2 f6 38. e5 Ra1 39. Kd2 Ra8 40. Ke3 Kb6 41. exf6 exf6 42. h4 Re8+ 43. Kf2 Be4 44. Bxe4 Rxe4 45. Nd3 Kc6 46. Kf3 Re8 47. b4 cxb4 48. Nxb4+ Kc5 49. Nd5 Rf8 50. g5 f5 51. Nf6 Rf7 52. h5 Kxc4 53. Ke3 Re7+ 54. Kf3 Kd3 55. Nd5 Ra7 56. Nf6 Kd2 57. Kf2 Kd1 58. Ke3 Ke1 59. Nxh7 gxh5 60. g6 h4 61. Ng5 Re7+ 62. Kd4 Kf2 63. g7 Rxg7 64. Ke5 Kg3 65. Kxf5 h3 66. Nxh3 Kxh3 67. Kf6 Rg1 68. f5 Kg4 69. Kg6 Kf4+ 70. Kf6 Rf1 0-1